| 000 | 00486nam a2200181Ia 4500 | ||
|---|---|---|---|
| 008 | 230612s9999 xx 000 0 und d | ||
| 041 | _aeng | ||
| 082 | _a621.7 CHO | ||
| 100 | _aChoudhury S.K.H. | ||
| 245 |
_aElements Of Workshop Technology _bMachine Tools II |
||
| 260 |
_c1978 _bMedia Promoters & Publishers |
||
| 300 | _a572 | ||
| 365 | _cRs. | ||
| 500 | _aW. 2003-04 | ||
| 700 |
_aChoudhury S.K.H. & Others _9184366 |
||
| 906 |
_dB:17-Mar-2008 _cMECH |
||
| 999 |
_c164630 _d164630 |
||